| 000 | 00424nam a2200181Ia 4500 | ||
|---|---|---|---|
| 005 | 20140402144807.0 | ||
| 008 | 140130s9999 xx 000 0 und d | ||
| 050 |
_aPZ 7 _b.B146Mm 2002 |
||
| 245 |
_cBen M. Baglio _aMare in the Meadow |
||
| 260 |
_bScholastic, _c2001 |
||
| 300 |
_a131 p. : _c21 cm. |
||
| 440 |
_v1 _931174 |
||
| 521 | _aG5 | ||
| 526 | _c730 | ||
| 942 |
_cBK _2lcc |
||
| 999 |
_c41060 _d41060 |
||